Advanced Methods in Adaptive Control for Industrial Applications /

Salvato in:
Dettagli Bibliografici
Autori principali: Warwick, Kevin (Autore), Kárný, Miroslav (Autore), Halousková, Alena (Autore)
Natura: Libro
Lingua:inglese
Pubblicazione: Berlin : Springer Verlag, 1991
Serie:Lecture Notes in Control and Information Sciences Vol.158
Tags: Aggiungi Tag
Nessun Tag, puoi essere il primo ad aggiungerne!!

MARC

LEADER 00000nam a22000003a 4500
001 stu22178
005 20150617225750.7
008 940125s1991----gw------------------eng-d
020 |a 3-540-53835-6 
040 |a STU  |b slo 
041 0 |a eng 
044 |a gw 
080 |a 517.977(061.3) 
100 1 |a Warwick, Kevin  |4 aut 
245 1 |a Advanced Methods in Adaptive Control for Industrial Applications /  |c [aut.]Warwick,Kevin, Kárný,Miroslav, Halousková,Alena 
260 |a Berlin :  |b Springer Verlag,  |c 1991 
300 |a 331 s :  |b Grafy,lit 
700 1 |a Kárný, Miroslav  |4 aut 
700 1 |a Halousková, Alena  |4 aut 
830 0 |a Lecture Notes in Control and Information Sciences  |v Vol.158 
996 |b C92505  |c C*92505  |l CCXVI  |s P  |a 0  |w stu22178_0001